000 01184nam a22003377a 4500
003 CHAP
005 20220329143311.0
008 080326d2005 r 00110 eng d
010 _a94645
011 _a95617
020 _a9076998558
035 _a106245
040 _cCHAP
082 0 0 _a633
_bX5
100 1 _aXinyou, Yin
_9122903
245 1 0 _aCrop systems dynamics :
_ban ecophysiological simulation model for genotype-by-environment interactions
_c/by Yin Xinyou and H.H. Van Laar
260 _aWageningen Netherlands :
_bWageningen Academic Publishers,
_c2005
300 _a155 p. :
_bgráfs. ; cuadros
590 _aBATCH-UPD
_b10
_c20130110
_lUCH01
_h0545
590 _aBATCH-UPD
_b10
_c20130410
_lUCH01
_h0227
590 _aBATCH-UPD
_b10
_c20130914
_lUCH01
_h1123
590 _aCONVERSION
_b10
_c20130109
_lUCH01
_h1352
650 1 4 _aAgricultura
_xModelos matematicos.
_91744
650 1 4 _aCultivos
_xCrecimiento.
_930248
650 1 4 _aGenética vegetal
_xModelos matemáticos.
_947505
700 0 _aLaar, H.H. van.
_964259
901 _aBK
911 _aen proceso
942 _cLIBRO
949 _a633 X5
_bBC
_cLIBRO
_d33724002053454
_eLIBRO
_gI.c/e
_h109277
_i106245
_si
_t$503.70
999 _c94645
_d94645